logo

Bir Sreshtho Munshi Abdur Rouf Library
Jhenaidah Cadet College

জীবনানন্দ দাশের স্বদেশ বাংলাদেশ / (Record no. 1690)

MARC details
000 -LEADER
fixed length control field 00760nam a2200229 a 4500
001 - CONTROL NUMBER
JCCL Control Number 1690
003 - CONTROL NUMBER IDENTIFIER
JCCL marc code BD-JhCC
005 - DATE AND TIME OF LATEST TRANSACTION
control field 20200213134007.0
008 - FIXED-LENGTH DATA ELEMENTS--GENERAL INFORMATION
fixed length control field 171023s2011 bg |||| |||| 001 0 ben d
020 ## - INTERNATIONAL STANDARD BOOK NUMBER
International Standard Book Number 9847011800011
035 ## - SYSTEM CONTROL NUMBER
system control number (BD-JhCC)1690
040 ## - CATALOGING SOURCE
Original cataloging agency BD-JhCC
Modifying agency BD-JhCC
041 ## - LANGUAGE CODE
Language code of Book ben
082 ## - DEWEY DECIMAL CLASSIFICATION NUMBER
DDC Edition number 23
Classification number 891.4435
Author mark and Year KAB 2011
100 ## - MAIN ENTRY--PERSONAL NAME
Personal name কবির, আহসানুল
245 ## - TITLE STATEMENT
Title জীবনানন্দ দাশের স্বদেশ বাংলাদেশ /
Statement of responsibility, etc আহসানুল কবির
260 ## - PUBLICATION, DISTRIBUTION, ETC. (IMPRINT)
Place of publication, distribution, etc ঢাকা :
Name of publisher, distributor, etc মুক্তদেশ প্রকাশন,
Date of publication, distribution, etc ২০১১.
300 ## - PHYSICAL DESCRIPTION
Pagination ১২৭ পৃ :
Dimensions ২১ সেমি.
650 ## - SUBJECT ADDED ENTRY--TOPICAL TERM
Topical term or geographic name as entry element Short stories, Bengali
942 ## - ADDED ENTRY ELEMENTS (KOHA)
Source of classification or shelving scheme Dewey Decimal Classification
Koha item type Books
Koha issues (borrowed), all copies 2
Holdings
Source of classification or shelving scheme Damaged status Not for loan Home library Current library Shelving location Date of accession Cost, normal purchase price Full call number Barcode Date last seen Copy number Method of acquisition Koha item type Currency Total Checkouts Date checked out
Dewey Decimal Classification     JCC Rouf Library JCC Rouf Library General Stacks 10/23/2017 150.00 891.4435 KAB 2011 3115 11/05/2023 C-1 Purchase Books BDT    
Dewey Decimal Classification     JCC Rouf Library JCC Rouf Library General Stacks 10/23/2017 150.00 891.4435 KAB 2011 3114 10/23/2017 C-2   Books      
Dewey Decimal Classification     JCC Rouf Library JCC Rouf Library General Stacks 10/29/2017 150.00 891.4435 KAB 2011 3579 10/29/2017 C-3   Books      
Dewey Decimal Classification     JCC Rouf Library JCC Rouf Library General Stacks 10/31/2017 150.00 891.4435 KAB 2011 2746 02/12/2020 C-4   Books   1 02/12/2020
Dewey Decimal Classification     JCC Rouf Library JCC Rouf Library General Stacks 10/31/2017 150.00 891.4435 KAB 2011 2747 10/20/2019 C-5   Books      
Dewey Decimal Classification     JCC Rouf Library JCC Rouf Library General Stacks 10/31/2017 150.00 891.4435 KAB 2011 2748 10/31/2017 C-6   Books      
Dewey Decimal Classification     JCC Rouf Library JCC Rouf Library General Stacks 10/31/2017 150.00 891.4435 KAB 2011 2749 10/31/2017 C-7   Books      
Dewey Decimal Classification     JCC Rouf Library JCC Rouf Library General Stacks 10/31/2017 150.00 891.4435 KAB 2011 2750 11/03/2020 C-8   Books      
Dewey Decimal Classification     JCC Rouf Library JCC Rouf Library General Stacks 11/04/2017 150.00 891.4435 KAB 2011 3713 11/04/2017 C-9   Books      
Dewey Decimal Classification     JCC Rouf Library JCC Rouf Library General Stacks 11/14/2017 150.00 891.4435 KAB 2011 3794 11/14/2017 C-10   Books      

JCC Library | Contacts | JCC Home

Last Update on 23 September 2017
Copyright @ 2017-2020 JCC Rouf Library
Rouf Library, Jhenidah Cadet College (JCC), Bangladesh